| 000 | 00862cam a22002534a 4500 | ||
|---|---|---|---|
| 001 | 12688389 | ||
| 005 | 20180308031649.0 | ||
| 008 | 020228s2002 mdua b 001 0 eng | ||
| 010 | _a 2002018499 | ||
| 020 | _a155766577X | ||
| 035 | _a(DLC) 2002018499 | ||
| 040 |
_aDLC _cDLC _dDLC |
||
| 041 | _aeng | ||
| 042 | _apcc | ||
| 080 | _a305.231 LAN | ||
| 082 | 0 | 0 |
_a305.231 LAN _221 |
| 100 | 1 | _a50 | |
| 101 | _aSOC | ||
| 245 | 1 | 0 |
_aPathways to competence : _cby Sarah Landy. |
| 504 | _aIncludes bibliographical references (p. 552-559) and index. | ||
| 906 |
_a7 _bcbc _corignew _d1 _eocip _f20 _gy-gencatlg |
||
| 942 |
_2ddc _cBK |
||
| 999 |
_c44353 _d44353 |
||